000 01249nam a2200337 i 4500
003 CO-BoRNBP
005 20230310125052.0
007 ta
008 221121s2022 ck er 000 0 spa d
020 _a9789586657419
040 _aCO-BoRNBP
_bspa
_erda
_cCO-BoRNBP
041 0 _aspa
043 _as-ck---
082 0 4 _a306.74
_bC17h
_222
100 1 _aCardozo Cadavid, Angélica
_eautora
_9164
245 1 0 _aHistorias del cuerpo
_bExperiencias de mujeres que ejercen la prostitución
_cAngélica Cardozo Cadavid
250 _aEdición especial
264 1 _aBogotá, Colombia
_bSiglo del Hombre Editores
_bEditorial Universidad del Rosario
_c2022
300 _a76 páginas
_c21 cm
336 _atexto
_btxt
_2rdacontent
337 _asin mediación
_bn
_2rdamedia
338 _avolumen
_bnc
_2rdacarrier
490 0 _aPlan Nacional de Lectura y Escritura Leer es mi Cuento / Ministerio de Cultura
490 0 _aCiencias Humanas
504 _aIncluye referencias bibliográficas
521 _aRecomendado para un público adulto
650 1 7 _aProstitución
_xInvestigaciones
_2LEMB
_9165
650 1 7 _aMujeres
_xCuestiones sociales y morales
_xInvestigaciones
_2LEMB
_9166
651 4 _aBogotá
_zColombia
_xAspectos sociales
_9167
942 _2ddc
_cBK
999 _c9218
_d9218